Organization theory

Guardado en:
Detalles Bibliográficos
Autor principal: Hatch, Mary Jo
Formato: Libro
Lenguaje:inglés
Publicado: New York Oxford University Press 2006
Materias:
Etiquetas: Agregar Etiqueta
Sin Etiquetas, Sea el primero en etiquetar este registro!

MARC

LEADER 00000nam$a2200000$$$4500
001 0107979
005 20240226124411.6
020 |a 978-0-19-926021-8 
041 0 |a eng 
044 |a US 
245 1 0 |a Organization theory  |c Mary Jo Hatch with Ann L. Cunliffe 
264 1 |a New York  |b Oxford University Press  |c 2006 
300 |a 370 s. 
610 2 0 |a teória organizácie 
610 2 0 |a vývoj 
610 2 0 |a postmodernizmus 
610 2 0 |a technológia 
610 2 0 |a kultúra podniková 
610 2 0 |a štruktúra organizačná 
610 2 0 |a kontrola 
610 2 0 |a konflikty 
100 1 |a Hatch, Mary Jo